TV Show Mugs Quiz Stats

 Plays Quiz Updated May 23, 2015

Also try: Sitcoms by T-Shirt
Challenge
Share
Tweet
Score 0/18 Timer 06:00
0 Plays Today
% Correct
Breaking Bad
93.5%
30 Rock
84.6%
Downton Abbey
78.6%
Game of Thrones
76%
Grey's Anatomy
68.2%
The X-Files
64.5%
The Walking Dead
62.7%
Orange is the New Black
60.7%
House of Cards
53.9%
% Correct
Scandal
45.1%
Friends
42.4%
Sherlock
41.7%
Friday Night Lights
29.3%
Dexter
29.2%
Orphan Black
19.8%
Firefly
19.1%
Parenthood
18.7%
Sons of Anarchy
13.8%

You're not logged in!

Compare scores with friends on all Sporcle quizzes.
OR
Log In

You Might Also Like...

Show Comments

Extras

Top Quizzes Today


Score Distribution

Your Account Isn't Verified!

In order to create a playlist on Sporcle, you need to verify the email address you used during registration. Go to your Sporcle Settings to finish the process.

Report this User

Report this user for behavior that violates our Community Guidelines.

Details: